| 000 | 01056cam a2200313 a 4500 | ||
|---|---|---|---|
| 001 | 1981 | ||
| 003 | FISKH | ||
| 005 | 20231024103053.0 | ||
| 008 | 060831s2007 nyua j 001 0 eng | ||
| 010 | _a 2006047179 | ||
| 020 | _a9780545057363 | ||
| 020 | _a0439877563 (lib. bdg.) | ||
| 040 |
_aDLC _cDLC _dDLC _beng |
||
| 050 | 0 | 0 |
_aQL458.4 _b.B58 2007 |
| 082 | 0 | 0 |
_a595.4/4 _222 |
| 100 | 1 |
_aBishop, Nic, _d1955- |
|
| 245 | 1 | 0 |
_aSpiders / _cNic Bishop. |
| 260 |
_aNew York : _bScholastic, _c2007. |
||
| 300 |
_a48 pages : _bcolor illustrations ; _c28 cm |
||
| 505 | _aL | ||
| 520 | _aText and photographs introduce readers to different types of spiders and their behavior. | ||
| 521 | 8 |
_a520
_bLexile |
|
| 521 | 8 |
_aL
_bRaz-Plus |
|
| 650 | 0 |
_aSpiders _vJuvenile literature. |
|
| 650 | 0 |
_aSpiders _vPictorial works _vJuvenile literature. |
|
| 906 |
_a7 _bcbc _corignew _d1 _eocip _f20 _gy-gencatlg |
||
| 942 |
_2ddc _cBK _n0 |
||
| 999 |
_c1981 _d1981 |
||